000 00334nam a22001457a 4500
008 210426b ||||| |||| 00| 0 eng d
020 _a9780683077575
041 _aeng
080 _a61
082 _a61
100 _a4
101 _aSHM
245 _aMotor Control Theory and Practical Applications
_cShumway,A
942 _2udc
_cBK
999 _c56698
_d56698